00353nam a22001457a 4500003000400000020001800004082002000022100001900042245003600061250000800097260002900105300000800134650002900142653003600171SGT a9789386896841 a610.73678bM23M aMAGON, SHALLY  aTB. OF MIDWIFEY AND OBSTETRICS  a5TH aINDIA bLOTUS PUB c2023 a656 aMIDWIFEY AND OBSTETRICS  aTB. OF MIDWIFEY AND OBSTETRICS